Pearl buying guide /

Bibliographic Details
Main Author: Newman, Renée, 1948-
Format: Book
Language:English
Published: Los Angeles : International Jewelry Publications, [1999]
Edition:3rd ed.
Subjects:

MARC

Tag First Indicator Second Indicator Subfields
LEADER 00000cam a2200000 a 4500
001 in00001509155
005 20151021093244.0
008 980611s1999 caua b 001 0 eng
010 |a  98029627  
020 |a 0929975278 
035 |a (OCoLC)39361000 
035 |9 AJK4324AM 
040 |a DLC  |c DLC  |d TXA  |d UtOrBLW 
049 |a TXAM 
050 0 0 |a TS755.P3  |b N49 1999 
082 0 0 |a 639/.412  |2 21 
100 1 |a Newman, Renée,  |d 1948- 
245 1 0 |a Pearl buying guide /  |c Renée Newman. 
250 |a 3rd ed. 
264 1 |a Los Angeles :  |b International Jewelry Publications,  |c [1999] 
264 4 |c ©1999 
300 |a 156 pages :  |b illustrations (some color) ;  |c 23 cm. 
336 |a text  |b txt  |2 rdacontent 
337 |a unmediated  |b n  |2 rdamedia 
338 |a volume  |b nc  |2 rdacarrier 
504 |a Includes bibliographical references (pages 151-154) and index. 
650 0 |a Pearls  |x Purchasing. 
948 |a c:pk 
999 |a MARS 
999 f f |s 777db7dc-a22e-31e5-af7e-ec939c3f767b  |i fe361382-1a59-379f-9471-171c1f178ad1  |t 0 
952 f f |p ric  |a Texas A&M University  |b Rellis Campus  |c Joint Library Facility  |d Remote Storage  |t 0  |e TS755.P3 N49 1999  |h Library of Congress classification  |i unmediated -- volume  |m A14825266597 
998 f f |a TS755.P3 N49 1999  |t 0  |l Remote Storage